000 01241cam a2200265 i 4500
003 SA-RiAUC
005 20250105125012.0
008 250105s1994 mr g 00000bara c
040 _aSA-RiAUC
_bara
_cSA-RiAUC
_erda
043 _af-mr---
082 0 4 _a258.20964
090 _a258.20964
_b ا ب ن ي
100 1 _aابن يعيش، محمد بن عبد الرحمن.
_eمؤلف.
245 1 0 _aمدرسة الإمام الحافظ أبي عمر بن عبد البر في الحديث والفقه وآثارها في تدعيم المذهب المالكي بالمغرب /
_cإعداد محمد بن يعيش.
264 1 _aالدار البيضاء :
_bوزارة الأوقاف والشؤون الإسلامية،
_c1994
300 _a2 مجلد ؛
_c24 سم
336 _aنص
_btxt
_2rdacontent
_3كتاب
337 _aبدون وسيط
_bn
_2rdamedia
338 _aمجلد
_bnc
_2rdacarrier
600 1 7 _aابن عبد البر، يوسف بن عبد الله بن محمد،
_d368-463 هجري
_2aucnm
650 7 _aالفقه الإسلامي
_xمذاهب
_2aucsh
650 7 _aالفقه المالكي
_zالمغرب العربي
_xتاريخ
_2aucsh
942 _2ddc
_cBOOK
_n0
949 _aSA-JeALM
_d250105
_umohamedma123
_n1
999 _c4469
_d4469